000 00633nam a2200217 a 4500
001 43252
003 BD-RjUL
005 20211209053653.0
008 160620s1940 mau 001 0 eng
035 _a(BD-RjUL) 43370
035 _a(OCoLC)5013023
040 _aDLC
_cIaDaMC
_dDLC
_dBD-RjUL
_beng
041 _aeng
082 _a424.4
_223
_bLAF 1940
100 1 _aLandis, Paul,
_d1893-
_9132857
245 1 0 _aFreshman composition /
_cby Paul Nissley Landis.
260 _aBoston :
_bD. C. Heath and company,
_cc1940
300 _a[2], iii-vii, 389 p. ;
_c21 cm.
650 0 _aEnglish language
_xRhetoric.
_9132858
942 _2ddc
_cBK
999 _c43252
_d43252